[Event "Vlissingen HZ op 23rd"]
[Site "Vlissingen"]
[Date "2019.08.08"]
[Round "7"]
[White "Hendrix, Joachim"]
[Black "Bartels, Simon"]
[Result "1-0"]
[WhiteElo "1871"]
[BlackElo "1686"]
[PlyCount "93"]
[EventDate "2019.08.03"]
[EventType "swiss"]
[EventRounds "9"]
[EventCountry "NED"]
[SourceTitle "CBM 191 Extra"]
[Source "ChessBase"]
[SourceDate "2019.09.30"]
[SourceVersion "1"]
[SourceVersionDate "2019.09.30"]
[SourceQuality "1"]

1. Nf3 g6 2. g3 Bg7 3. d3 e5 4. Bg2 d5 5. c4 dxc4 6. Qa4+ c6 7. Qxc4 Be6 8. Qc2 Ne7 9. Ng5 Bc8 10. Na3 0-0 11. e4 Na6 12. Bd2 b5 13. Rd1 h6 14. Nf3 Be6 15. 0-0 Qd6 16. d4 exd4 17. Bf4 Qd7 18. Ne5 Bxe5 19. Bxe5 c5 20. Bf6 Kh7 21. b4 Ng8 22. e5 Rac8 23. bxc5 Nxf6 24. exf6 Rxc5 25. Qd2 Rd8 26. Rfe1 d3 27. Qa5 d2 28. Rxe6 fxe6 29. Qxa6 Rc1 30. Bf3 Qd4 31. Qxe6 Qd7 32. Qb3 Rf8 33. Qb2 Rxd1+ 34. Bxd1 Qd6 35. Nxb5 Qb6 36. Qe5 Qxf6 37. Qe3 Rf7 38. Qxd2 Qb6 39. Nc3 Qf6 40. Bb3 Rg7 41. h4 Qe5 42. Nd5 g5 43. hxg5 hxg5 44. Qd3+ Kh8 45. Ne3 Rh7 46. Qd8+ Kg7 47. Qg8+ 1-0

[Event "GER-chT U12"]
[Site "Magdeburg"]
[Date "2016.12.29"]
[Round "6.2"]
[White "Bartels, Simon"]
[Black "Nourzad, Shayan"]
[Result "1/2-1/2"]
[WhiteElo "1570"]
[BlackElo "1274"]
[PlyCount "43"]
[EventDate "2016.12.27"]
[EventType "team-swiss"]
[EventRounds "7"]
[EventCountry "GER"]
[SourceTitle "EXT 2018"]
[Source "ChessBase"]
[SourceDate "2017.10.13"]
[SourceVersion "1"]
[SourceVersionDate "2017.10.13"]
[SourceQuality "1"]
[WhiteTeam "Rheydt"]
[BlackTeam "Paderborn Akademie"]
[WhiteTeamCountry "GER"]
[BlackTeamCountry "GER"]

1. e4 e6 2. d4 d5 3. exd5 exd5 4. Bd3 Bd6 5. Nf3 Ne7 6. 0-0 Bg4 7. Re1 Nbc6 8. c3 Qd7 9. Be3 0-0-0 10. Nbd2 Rde8 11. Qc2 Ref8 12. h3 Bh5 13. Nh4 Bg6 14. Nxg6 hxg6 15. Nf3 Nd8 16. Kf1 Ne6 17. Qd2 Kb8 18. Ke2 Re8 19. Kd1 Nc8 20. Kc2 Nb6 21. Ng5 Nxg5 22. Bxg5 1/2-1/2

[Event "GER-chT U12"]
[Site "Magdeburg"]
[Date "2016.12.27"]
[Round "2.3"]
[White "Bartels, Simon"]
[Black "Klaas, Heiko"]
[Result "1-0"]
[WhiteElo "1570"]
[BlackElo "1594"]
[PlyCount "51"]
[EventDate "2016.12.27"]
[EventType "team-swiss"]
[EventRounds "7"]
[EventCountry "GER"]
[SourceTitle "EXT 2018"]
[Source "ChessBase"]
[SourceDate "2017.10.13"]
[SourceVersion "1"]
[SourceVersionDate "2017.10.13"]
[SourceQuality "1"]
[WhiteTeam "Rheydt"]
[BlackTeam "Hamburger SK"]
[WhiteTeamCountry "GER"]
[BlackTeamCountry "GER"]

1. e4 e5 2. Nf3 Nc6 3. Nc3 Nf6 4. Be2 d5 5. exd5 Nxd5 6. Bb5 Nxc3 7. bxc3 Bg4 8. h3 Bd7 9. 0-0 Bd6 10. Re1 0-0 11. Bxc6 Bxc6 12. Nxe5 Bd5 13. d4 Re8 14. Bf4 Qf6 15. Qg4 Be6 16. Qg3 Rad8 17. Bg5 Qf5 18. Bxd8 Rxd8 19. Qd3 Qg5 20. Qf3 c6 21. c4 f6 22. Nxc6 bxc6 23. Rxe6 Kf7 24. Rae1 c5 25. Qb7+ Kf8 26. Rxd6 1-0

[Event "GER-chT U12"]
[Site "Magdeburg"]
[Date "2015.12.29"]
[Round "5.2"]
[White "Bartels, Simon"]
[Black "Grunwald, Jonathan"]
[Result "0-1"]
[WhiteElo "1498"]
[BlackElo "1643"]
[PlyCount "70"]
[EventDate "2015.12.27"]
[EventType "team-swiss"]
[EventRounds "7"]
[EventCountry "GER"]
[SourceTitle "EXT 2017"]
[Source "ChessBase"]
[SourceDate "2016.10.25"]
[SourceVersion "1"]
[SourceVersionDate "2016.10.25"]
[SourceQuality "1"]
[WhiteTeam "Rheydt"]
[BlackTeam "Biebertal"]
[WhiteTeamCountry "GER"]
[BlackTeamCountry "GER"]

1. e4 e5 2. Nf3 Nc6 3. Nc3 Nf6 4. Be2 d5 5. exd5 Nxd5 6. Bb5 Nxc3 7. bxc3 Bd7 8. 0-0 Bd6 9. Re1 Qf6 10. d4 0-0 11. Bxc6 Bxc6 12. dxe5 Bxf3 13. exf6 Bxd1 14. fxg7 Rfd8 15. Bg5 Bxc2 16. Bxd8 Rxd8 17. h3 Kxg7 18. Rac1 Bd3 19. g3 Bc4 20. a4 Be6 21. Kg2 Bc5 22. Re4 Be7 23. Rb1 Rd3 24. c4 b6 25. a5 Bf6 26. Ree1 Bxc4 27. axb6 axb6 28. Rbc1 Bd5+ 29. Kg1 c6 30. Kf1 Kf8 31. Ke2 Ra3 32. Rc2 b5 33. Kf1 b4 34. Rcc1 b3 35. Rb1 b2 0-1

[Event "GER-chT U12"]
[Site "Magdeburg"]
[Date "2015.12.28"]
[Round "3.2"]
[White "Bartels, Simon"]
[Black "Kuehne, Maria"]
[Result "0-1"]
[WhiteElo "1498"]
[BlackElo "1464"]
[PlyCount "74"]
[EventDate "2015.12.27"]
[EventType "team-swiss"]
[EventRounds "7"]
[EventCountry "GER"]
[SourceTitle "EXT 2017"]
[Source "ChessBase"]
[SourceDate "2016.10.25"]
[SourceVersion "1"]
[SourceVersionDate "2016.10.25"]
[SourceQuality "1"]
[WhiteTeam "Rheydt"]
[BlackTeam "Ergolding"]
[WhiteTeamCountry "GER"]
[BlackTeamCountry "GER"]

1. e4 Nc6 2. d4 e5 3. Nf3 exd4 4. Nxd4 Bc5 5. Be3 Qf6 6. c3 Nge7 7. g3 b6 8. Bg2 Ba6 9. b4 Bxd4 10. Bxd4 Nxd4 11. Qxd4 Qxd4 12. cxd4 Rc8 13. Nc3 Bb7 14. a3 0-0 15. 0-0 c6 16. Rfd1 Rcd8 17. Bh3 f6 18. Rac1 g5 19. Bg4 Kg7 20. f4 gxf4 21. gxf4 f5 22. exf5 Nxf5 23. Bxf5 Rxf5 24. Rf1 Rdf8 25. Rce1 Kf7 26. Re3 h5 27. Ne4 Rd5 28. Ng5+ Kg6 29. Re4 c5 30. Nh3 cxd4 31. Rd1 d3 32. Re3 d2 33. Kf2 Bc6 34. Re5 Rxe5 35. Rxd2 Re4 36. Rd6+ Rf6 37. Rd2 d5 0-1

[Event "GER-chT U10"]
[Site "Magdeburg"]
[Date "2014.12.28"]
[Round "4.2"]
[White "Bartels, Simon"]
[Black "Klaas, Heiko"]
[Result "1-0"]
[WhiteElo "1235"]
[BlackElo "1107"]
[PlyCount "31"]
[EventDate "2014.12.27"]
[EventType "team-swiss"]
[EventRounds "7"]
[EventCountry "GER"]
[SourceTitle "EXT 2016"]
[Source "ChessBase"]
[SourceDate "2015.10.08"]
[SourceVersion "1"]
[SourceVersionDate "2015.10.08"]
[SourceQuality "1"]
[WhiteTeam "Rheydt"]
[BlackTeam "Hamburger SK"]
[WhiteTeamCountry "GER"]
[BlackTeamCountry "GER"]

1. e4 e5 2. Nf3 Nc6 3. Nc3 Nf6 4. Be2 Bc5 5. Nxe5 Nxe5 6. d4 Bxd4 7. Qxd4 Nc6 8. Qd1 0-0 9. 0-0 d6 10. Bg5 h6 11. Bh4 Ne5 12. f4 Ng6 13. Bg3 c6 14. Qd2 d5 15. Rad1 Qd6 16. Bf2 1-0